Normal view MARC view
  • DYNAMIC EFFECTS OF PILE INSTALLATION ON ADJACENT STRUCTURES

Entry Topical Term

Number of records used in: 1

001 - CONTROL NUMBER

  • control field: 60634

003 - CONTROL NUMBER IDENTIFIER

  • control field: NUST

005 - DATE AND TIME OF LATEST TRANSACTION

  • control field: 20210628202605.0

008 - FIXED-LENGTH DATA ELEMENTS

  • fixed length control field: 210628|| aca||aabn | a|a d

040 ## - CATALOGING SOURCE

  • Original cataloging agency: NUST
  • Transcribing agency: NUST

150 ## - HEADING--TOPICAL TERM

  • Topical term or geographic name entry element: DYNAMIC EFFECTS OF PILE INSTALLATION ON ADJACENT STRUCTURES

670 ## - SOURCE DATA FOUND

  • Source citation: Work cat.: (NUST): Woods, Richard .D Sharma, V.M 60633, Dynamic effects of pile installation on adjacent structures, 2004
© 2023 Central Library, National University of Sciences and Technology. All Rights Reserved.